000 00409cam a2200157ua 4500
041 _aeng
_h
082 _a519.2
_bUSP/IN
100 _aUspensky, J V .
245 _aIntroduction to mathematical probability /
_cJ V Uspensky.
_hTextual Documents
250 _a1 /
_b.
260 _aNew York :
_bMcGraw Hill Book Company ,
_c1937.
300 _a411 ; .
504 _a
942 _cBK
999 _c10909
_d10909